Statistics for WWE 24/7 Champions

Click here to take the quiz!

General Stats

  • This quiz has been taken 1,007 times
    (418 since last reset)
  • The average score is 16 of 59

Answer Stats

Title ReignsLast WonChampion% Correct
542022R-Truth
99%
162022Akira Tozawa
59%
112022Nikki Cross
59%
12019Titus O'Neil
59%
152022Dana Brooke
56%
42022Carmella
50%
12019Robert Roode
47%
82021Drake Maverick
44%
12019Mayor Glenn Jacobs
43%
92022Tamina
43%
22019Jinder Mahal
42%
12019Kelly Kelly
38%
42019Elias
35%
42022Reggie
35%
12020Rob Gronkowski
35%
32021Cedric Alexander
33%
12019Pat Patterson
33%
42019EC3
32%
12019Ted DiBiase
30%
12021Bad Bunny
29%
12021Corey Graves
29%
12019Dash Wilder
28%
72020Mojo Rawley
28%
12019Scott Dawson
28%
12021Byron Saxton
26%
12019Alunda Blayze
25%
12019Maria Kanellis
25%
32020Shelton Benjamin
24%
12019Heath Slater
23%
72021Drew Gulak
22%
12019Gerald Brisco
22%
22019Mike Kanellis
22%
12022Alexa Bliss
21%
12019Marshmello
20%
12019Santa Claus
20%
12019Candice Michelle
19%
22020Tucker
18%
12019Michael Giacco
17%
12020Riddick Moss
17%
52019Samir Singh
17%
42019Sunil Singh
17%
12019Bo Dallas
15%
12020Gran Metalik
15%
12020Lince Dorado
15%
22022Doudrop
14%
12020Erik
14%
12019Kyle Busch
14%
12021Alicia Fox
13%
12022Eddie Orengo
12%
12019Enes Kanter
12%
12022Shawn Bennett
12%
12020Angel Garza
11%
12022Daphanie LaShaunn
11%
12020The Gobbledy Gooker
11%
12019Mike Rome
10%
12019Rob Stone
10%
12021Peter Rosenberg
9%
12021Doug Flutie
7%
22021Joseph Average
6%

Score Distribution

Percentile by Number Answered

Percent of People with Each Score

Your Score History

You have not taken this quiz since the last reset